Colonialism and Postcolonial Development : (Record no. 14051)
[ view plain ]
| 000 -LEADER | |
|---|---|
| fixed length control field | 01159nam a22002297a 4500 |
| 008 - FIXED-LENGTH DATA ELEMENTS--GENERAL INFORMATION | |
| fixed length control field | 100603s2010 enk|||||r|||| 001 0 eng d |
| 020 ## - INTERNATIONAL STANDARD BOOK NUMBER | |
| International Standard Book Number | 9780521133289 |
| 082 ## - DEWEY DECIMAL CLASSIFICATION NUMBER | |
| Edition number | 22 |
| Classification number | 325.346098 |
| Item number | MAH |
| 245 ## - TITLE STATEMENT | |
| Title | Colonialism and Postcolonial Development : |
| Remainder of title | Spanish America in Comparative Perspective / |
| Statement of responsibility, etc | James Mahoney |
| 260 ## - PUBLICATION, DISTRIBUTION, ETC. (IMPRINT) | |
| Place of publication, distribution, etc | Cambridge : |
| Name of publisher, distributor, etc | Cambridge University Press, 2010. |
| Date of publication, distribution, etc | 2010 |
| 300 ## - PHYSICAL DESCRIPTION | |
| Extent | 400 p. : |
| Other physical details | ill. ; |
| Dimensions | 24 cm. |
| 490 ## - Series Statement | |
| Series statement | Cambridge Studies in Comparative Politics |
| -- | 14544 |
| 504 ## - BIBLIOGRAPHY, ETC. NOTE | |
| Bibliography, etc | Includes bibliographical references (p. 357-382) and index |
| 650 ## - SUBJECT ADDED ENTRY--TOPICAL TERM | |
| 9 (RLIN) | 14540 |
| Topical term or geographic name as entry element | Postcolonialism |
| Geographic subdivision | Latin America |
| 650 ## - SUBJECT ADDED ENTRY--TOPICAL TERM | |
| 9 (RLIN) | 14541 |
| Topical term or geographic name as entry element | Comparative government |
| Geographic subdivision | Latin America |
| 651 ## - SUBJECT ADDED ENTRY--GEOGRAPHIC NAME | |
| 9 (RLIN) | 14538 |
| Geographic name | Spain |
| Form subdivision | |
| General subdivision | Colonies |
| Geographic subdivision | America |
| General subdivision | Administration |
| 651 ## - SUBJECT ADDED ENTRY--GEOGRAPHIC NAME | |
| 9 (RLIN) | 14539 |
| Geographic name | Latin America |
| Form subdivision | |
| General subdivision | Colonization |
| 651 ## - SUBJECT ADDED ENTRY--GEOGRAPHIC NAME | |
| 9 (RLIN) | 14542 |
| Geographic name | Latin America |
| Form subdivision | |
| General subdivision | Foreign relations |
| Geographic subdivision | Spain |
| 651 ## - SUBJECT ADDED ENTRY--GEOGRAPHIC NAME | |
| 9 (RLIN) | 14543 |
| Geographic name | Spain |
| Form subdivision | |
| General subdivision | Foreign relations |
| Geographic subdivision | Latin America |
| 942 ## - ADDED ENTRY ELEMENTS (KOHA) | |
| Source of classification or shelving scheme | Dewey Decimal Classification |
| Item type | Book - Borrowing |
| Withdrawn status | Item status | Source of classification or shelving scheme | Damaged status | Not for loan | Vendor | Home library | Current library | Shelving location | Date acquired | Source of acquisition | Cost, normal purchase price | Serial Enumeration / chronology | Total Checkouts | Total Renewals | Full call number | Barcode | Date last seen | Date last borrowed | Koha item type |
|---|---|---|---|---|---|---|---|---|---|---|---|---|---|---|---|---|---|---|---|
| Dewey Decimal Classification | Baccah | Central Library | Central Library | First floor | 03/06/2010 | 120.00 | 10351 | 7 | 11 | 325.346098 MAH | 000020976 | 15/07/2025 | 07/11/2019 | Book - Borrowing |